| 000 -LEADER |
| fixed length control field |
00545nam a2200181Ia 4500 |
| 008 - FIXED-LENGTH DATA ELEMENTS--GENERAL INFORMATION |
| fixed length control field |
250416t2025 xx |||||||||||||| ||und|| |
| 020 ## - INTERNATIONAL STANDARD BOOK NUMBER |
| International Standard Book Number |
9780143473152 |
| Terms of availability |
Rs. 250.00 |
| 040 ## - CATALOGING SOURCE |
| Original cataloging agency |
IMU Kochi Library |
| 082 04 - DEWEY DECIMAL CLASSIFICATION NUMBER |
| Classification number |
920.008 |
| Item number |
V559 |
| Edition number |
23 |
| 100 1# - MAIN ENTRY--PERSONAL NAME |
| Personal name |
Venkatesh, Karthik |
| 245 14 - TITLE STATEMENT |
| Title |
10 makers of the Indian constitution / |
| 260 ## - PUBLICATION, DISTRIBUTION, ETC. (IMPRINT) |
| Place of publication, distribution, etc |
Haryana : |
| Name of publisher, distributor, etc |
Penguin random house, |
| Date of publication, distribution, etc |
2025 |
| 300 ## - PHYSICAL DESCRIPTION |
| Extent |
125 p. |
| Other physical details |
: |
| Dimensions |
; 20 cm. |
| 650 #0 - SUBJECT ADDED ENTRY--TOPICAL TERM |
| Topical term or geographic name as entry element |
Politicians |
| Form subdivision |
Biography |
| 650 #0 - SUBJECT ADDED ENTRY--TOPICAL TERM |
| Topical term or geographic name as entry element |
Constitution |
| General subdivision |
Law and legislation |
| Geographic subdivision |
India |
| 852 ## - LOCATION/CALL NUMBER |
| Location |
IMU Kochi Library |
| 942 ## - ADDED ENTRY ELEMENTS (KOHA) |
| Item type |
Books |